| 000 | 01026nam a2200265 a 4500 | ||
|---|---|---|---|
| 001 | 000022401 | ||
| 003 | DO-SdBNP | ||
| 005 | 20250411120643.0 | ||
| 007 | ta | ||
| 008 | 101007s1988 dr 001 0 spa d | ||
| 040 |
_aDO-SdBNP _bspa _cBNPHU |
||
| 082 |
_a271.53 _bS522j _222 |
||
| 100 | 1 |
_a Sáez , José Luis _d1937- _9620 |
|
| 245 | 1 | 4 |
_aLos jesuitas en la República Dominicana / _cJosé Luis Sáez. |
| 260 |
_aSanto Domingo : _bMuseo de Historia y Geografía _bArchivo Histórico de las Antillas, _c1988. _fAmigo del hogar |
||
| 300 |
_a2v. ; _c24 cm. |
||
| 500 | _aIncluye cronología histórica de la Compañía de Jesús de Santo Domingo. | ||
| 504 | _aIncluye bibliografía y notas al pie de páginas. | ||
| 505 | 2 |
_tv. 1: Los primeros veinticinco años (1936-1961) -- _tv. 2: Hacia el medio siglo (1962-1986). |
|
| 590 | _aInventariado, 2018/ YL | ||
| 650 | 4 |
_aJesuítas _92793 _zRepública Dominicana |
|
| 650 | 4 |
_aJesuítas _xHistoria _92794 |
|
| 910 | _aValidado. Control de calidad EMS | ||
| 942 |
_2ddc _cLBS1 |
||
| 999 |
_c21899 _d21899 |
||